000 00635nam a2200193 a 4500
001 000225349
003 AM-YeHGA
005 20250618071535.0
008 030515s1941 ai |||||r|||||000 1|arm|d
040 _aAM-YeHGA
041 1 _aarm
245 0 0 _aԹշնամու թիկունքում :
_b[Հոդվածների ժողովածու] /
_cԹարգմ.՚Ռ. Վարդապետյան.
260 _aԵրևան :
_bՀայպետհրատ,
_c1941.
300 _a40 էջ ;
_c22 սմ.
650 1 4 _aՀայրենական Մեծ պատերազմ
_9887
700 1 _aՎարդապետյան, Ռ.
_eթարգմ.
_4trl
942 _2udc
_cBK
090 _c80517
999 _c79250
_d79250